|
|
|
|
| LEADER |
00000nab a2200000 a 4500 |
| 001 |
vtls000691344 |
| 003 |
SK-MaSNL |
| 005 |
20260304101508.0 |
| 008 |
250426c1999 xo 0 slo |
| 015 |
|
|
|a SNBRB1999/03-06983
|
| 035 |
|
|
|a CLN000043511
|
| 035 |
|
|
|a urn:nbn:sk:snk-ab33om
|
| 035 |
|
|
|a (urnnbn)urn:nbn:sk:snk:ar-a05t2l
|
| 035 |
|
|
|a (uuid)5b6acb55-1898-418b-98ed-7a23a0e6fd7a
|
| 040 |
|
|
|a SNKBUCL
|b slo
|c SNKBUCL
|e AACR2
|
| 041 |
0 |
|
|a slo
|
| 044 |
|
|
|a xo
|c SK
|
| 080 |
|
|
|a 616.12:061.22(4):061.3
|2 1997
|
| 080 |
|
|
|a 616.13-005.7
|2 1997
|
| 080 |
|
|
|a 616.125-008.313.2
|2 1997
|
| 100 |
1 |
|
|a Kamenský, Gabriel,
|d 1970-
|4 aut
|9 7726
|
| 245 |
1 |
0 |
|a XX. kongres Európskej kardiologickej spoločnosti - pľúcna embolizácia, fibrilácia predsiení a prevencia tromboembólie
|c Gabriel Kamenský
|
| 610 |
|
7 |
|a Európska kardiologická spoločnosť
|x kongresy
|y 1998
|2 snkbucl
|9 1396987
|
| 650 |
0 |
7 |
|a kardiológia
|x kongresy
|x 1998
|2 snkbucl
|9 1030808
|
| 650 |
0 |
7 |
|a fibrilácia predsiení
|2 snkbucl
|9 92989
|
| 650 |
0 |
7 |
|a tromboembolická choroba
|2 snkbucl
|9 120004
|
| 655 |
|
7 |
|a články z novín a časopisov
|2 snkbucl
|9 267496
|
| 773 |
0 |
|
|t Kardiológia
|g Roč. 8, č. 1 (1999)
|g S. K/C 19-K/C 21
|x 1210-0048
|x 1210-0048
|
| 773 |
0 |
|
|t [Príl.] Informácie SKS, SHS a PSNK
|g Roč. 8, č. 1 (1999)
|g S. K/C 19-K/C 21
|x 1210-0048
|x 1210-0048
|
| 850 |
|
|
|a Slovenská národná knižnica
|
| 852 |
|
|
|a Slovenská národná knižnica
|
| 958 |
|
|
|a article27
|
| 958 |
|
|
|a OND
|
| 999 |
|
|
|c 2842002
|d 2843932
|